00630nam a2200169Ia 4500999001700000082002200017100002200039245006100061260005900122300001000181650003900191650003600230650003500266650002900301942000700330952012300337 c16724d16724 a307.7209543 SIN-; aSingh, Rama Yagya 0aMalwa region: rural habitat system, structure and change aVaranasibNational Geographical Society of Indiac1978 a196p. aMalwa Region - Economic conditions aMalwa Region - Rural conditions aRural geography - Malwa Region aSociology - Malwa Region cBK 00104070aNASSDOCbNASSDOCd2004-06-08i2004-10-22l0o307.7209543 SIN-;p25411r2019-04-18 00:00:00w2019-04-18yBK